| 000 | 01957nam0a2200385 4500 | ||
|---|---|---|---|
| 001 | RU\NLR\bibl\1389191 | ||
| 005 | 20260405184439.0 | ||
| 010 |
_a978-5-85536-408-8 _9100 |
||
| 021 |
_aRU _b2009-35685 _92156 |
||
| 035 | _a(nilc)RSL-KNO-004322665 | ||
| 035 | _a(NLR Aleph) 001381243 | ||
| 090 |
_a1103448 _c1103448 |
||
| 100 | _a20090421d2009 |||y0rusy50 ca | ||
| 101 | 0 | _arus | |
| 102 | _aRU | ||
| 105 | _aa ||||||||| | ||
| 200 | 1 |
_aРасчет оболочек на основе МКЭ в двумерной постановке _eмонография _fА.П. Николаев, Ю.В. Клочков, А.П. Киселев, Н.А. Гуреева _gМ-во сел. хоз-ва Рос. Федерации, Деп. науч.-технолог. политики и образования, Федер. гос. образоват. учреждение высш. проф. образования Волгогр. гос. с.-х. акад. |
|
| 210 |
_aВолгоград _cНИВА _d2009 |
||
| 215 |
_a194 с. _cил., табл. _d20 |
||
| 320 | _aБиблиогр.: с. 180-192 (199 назв.) | ||
| 606 | 1 |
_aОболочки _xРасчет _xКонечных элементов метод _92398073 _3RU\NLR\auth\661429663 |
|
| 686 |
_aВ251.640,07 _2rubbk |
||
| 686 | _aВ251.64с115 | ||
| 701 | 1 |
_4070 _8rus _7ca _aНиколаев _bА. П. _cд-р техн. наук _gАнатолий Петрович _3RU\NLR\auth\7780837 _963765 |
|
| 701 | 1 |
_aКлочков _bЮ. В. _gЮрий Васильевич _4070 |
|
| 701 | 1 |
_4070 _8rus _7ca _aКиселев _bА. П. _cд-р техн. наук _gАнатолий Петрович _3RU\NLR\auth\7780906 _963834 |
|
| 701 | 1 |
_aГуреева _bН. А. _gНаталья Анатольевна _4070 |
|
| 801 | 0 |
_aRU _bРКП _c20090421 _grcr |
|
| 801 | 1 |
_aRU _bРГБ _c20090421 |
|
| 801 | 2 |
_aRU _bNLR _c20090703 _grcr |
|
| 830 | _aавт. по кн. | ||
| 942 | _cBOOK | ||
| 980 | _aNB | ||
| 980 | _aNBR | ||